Statystyki dla państwa na literę W

Kliknij tutaj aby rozwiązać quiz!

Ogólne statystyki

  • Ten quiz został rozwiązany 54 razy
  • Średni wynik to 6 z 10

Statystyki odpowiedzi

Państwo% Poprawnych
Wenezuela
92%
Wietnam
88%
Watykan
80%
Włochy
76%
Wyspy Salomona
66%
Węgry
64%
Wyspy Marshalla
64%
Wielka Brytania
62%
WKS
38%
Wyspy św. Tomasza
I Książęca
16%

Rozkład punktacji

Percentyl według liczby udzielonych odpowiedzi

Procent ludzi z każdym wynikiem

Twoja historia wyników

Nie rozwiązałeś tego quizu